| 000 | 00653nam a22002057a 4500 | ||
|---|---|---|---|
| 999 |
_c21320 _d21320 |
||
| 003 | AR-CdUCM | ||
| 008 | 190604b ||||| |||| 00| 0 spa d | ||
| 040 |
_aMUNICIPALIDAD PROVINCIAL DEL CUSCO _cBIBLIOTECA MUNICIPAL DEL CUSCO |
||
| 082 |
_aEP/510/P59 _bP59 |
||
| 100 |
_aPinto Tapia, Miguel Ángel _944405 |
||
| 245 | _aGuía de uso de las regletas de Cuisenaire / | ||
| 260 |
_aCusco ; _bDann'ys Graff, _c2017. |
||
| 300 |
_a166 Páginas ; _c28 cm. |
||
| 650 |
_aEducación Inicial _93463 |
||
| 650 |
_aEducación primaria _91561 |
||
| 650 |
_aMatemáticas _99398 |
||
| 650 |
_aLógico matemático _928201 |
||
| 942 |
_2ddc _cLIBROS |
||
| 945 | _aRoel | ||